Movie Swordsmen Quiz Stats

 Plays Quiz Updated Jan 22, 2015

Support Sporcle.
Go Orange.
Score 0/20 Timer 07:00
5 Plays Today
Number Movie Title % Correct
Jack Sparrow (Pirates of the Caribbean)
96.2%
Indiana Jones (Indiana Jones and the Temple of Doom)
96%
William Wallace (Braveheart)
93.8%
Zorro (The Mask of Zorro)
93.7%
Maximus Decimus Meridius (Gladiator)
92.1%
The Bride (Kill Bill)
91%
Aragorn (The Lord of the Rings)
87%
Blade (Blade)
82.8%
Conan (Conan the Destroyer)
82.4%
Richard 'Rick' O'Connell (The Mummy)
78.7%
Number Movie Title % Correct
Achilles (Troy)
78.3%
Inigo Montoya (The Princess Bride)
78%
Mad Hatter (Alice in Wonderland)
72.7%
William Thatcher (A Knight's Tale)
63.2%
Nathan Algren (The Last Samurai)
62.2%
D'Artagnan (The Man in the Iron Mask)
49.4%
Connor MacLeod (Highlander)
49.2%
Snake Eyes (G.I. Joe: The Rise of Cobra)
40.4%
Balian de Ibelin (Kingdom of Heaven)
31.5%
Tristan (Tristan + Isolde)
8.9%

You're not logged in!

Compare scores with friends on all Sporcle quizzes.
OR
Log In

From the Vault

Category Cracker: Television

by Purple_Parrot

We forgot to mention, you might have to figure out what the categories are too.
Remove Ads.
Support Sporcle.
Get the best of Sporcle when you Go Orange. This ad-free experience offers more features, more stats, and more fun while also helping to support Sporcle. Thank you for becoming a member.

Show Comments

Extras

Top Quizzes Today


Score Distribution

Your Account Isn't Verified!

In order to create a playlist on Sporcle, you need to verify the email address you used during registration. Go to your Sporcle Settings to finish the process.

Report this User

Report this user for behavior that violates our Community Guidelines.

Details: